000 00680nam a22002297a 4500
005 20131230114243.0
010 _aENG-108797
020 _a9781259006098
_c295.00
020 _a1259006093
_c295.00
035 _aEN-92330
037 _bDBAD/PUB
082 _a005.133
100 _aGanesh, S. G.
245 _aCracking the C, C++, and Java interview /
_cby S. G. Ganesh [and] Subhash K. U.
250 _a2nd ed
260 _aNew Delhi
_bMcGraw Hill Education
_c2013
270 _aP-24,Green Park Extension
_bNew Delhi
_e110016
300 _axvi,304p.
_c23cm(pbk)
500 _aIncludes index
700 _aK. U. Subhash
942 _2ddc
_cEN
_mGAN
_h005.133
999 _c81570
_d81570